<?xml version="1.0" encoding="UTF-8"?>
<record
    xmlns:xsi="http://www.w3.org/2001/XMLSchema-instance"
    xsi:schemaLocation="http://www.loc.gov/MARC21/slim http://www.loc.gov/standards/marcxml/schema/MARC21slim.xsd"
    xmlns="http://www.loc.gov/MARC21/slim">

  <leader>00720nam a22001817a 4500</leader>
  <controlfield tag="005">20231102130124.0</controlfield>
  <controlfield tag="008">231102b        |||||||| |||| 00| 0 eng d</controlfield>
  <datafield tag="020" ind1=" " ind2=" ">
    <subfield code="a">0702151424</subfield>
  </datafield>
  <datafield tag="041" ind1=" " ind2=" ">
    <subfield code="a">English </subfield>
  </datafield>
  <datafield tag="082" ind1=" " ind2=" ">
    <subfield code="a">346.6 HAH </subfield>
  </datafield>
  <datafield tag="100" ind1=" " ind2=" ">
    <subfield code="a">Pretorius, JT, Delport, PA, Havenga, M and Vermaas, M </subfield>
    <subfield code="l">English </subfield>
  </datafield>
  <datafield tag="245" ind1=" " ind2=" ">
    <subfield code="a">Hahlo's South African Company Law through the cases  : </subfield>
    <subfield code="b">a collection of cases on Company Law with Explanatory Notes and Comments /</subfield>
    <subfield code="c">JT Pretorius, PA Delport, M Havenga and M Vermaas </subfield>
  </datafield>
  <datafield tag="250" ind1=" " ind2=" ">
    <subfield code="a">Sixth Edition </subfield>
  </datafield>
  <datafield tag="260" ind1=" " ind2=" ">
    <subfield code="a">Cape Town : </subfield>
    <subfield code="b">Juta and Company Ltd, </subfield>
    <subfield code="c">1999</subfield>
  </datafield>
  <datafield tag="300" ind1=" " ind2=" ">
    <subfield code="b">xlviii, 629 pages ; </subfield>
    <subfield code="c">25,5 cm.</subfield>
  </datafield>
  <datafield tag="650" ind1=" " ind2=" ">
    <subfield code="a">Legal practice</subfield>
    <subfield code="b">Law</subfield>
  </datafield>
  <datafield tag="942" ind1=" " ind2=" ">
    <subfield code="c">BK</subfield>
    <subfield code="6">ALISON_BN_VRIES</subfield>
  </datafield>
  <datafield tag="999" ind1=" " ind2=" ">
    <subfield code="c">257</subfield>
    <subfield code="d">257</subfield>
  </datafield>
  <datafield tag="952" ind1=" " ind2=" ">
    <subfield code="0">0</subfield>
    <subfield code="1">0</subfield>
    <subfield code="2">ddc</subfield>
    <subfield code="4">0</subfield>
    <subfield code="6">346_600000000000000_HAH</subfield>
    <subfield code="7">0</subfield>
    <subfield code="8">TXBK</subfield>
    <subfield code="9">358</subfield>
    <subfield code="a">LSN</subfield>
    <subfield code="b">LSN</subfield>
    <subfield code="c">CORPORA</subfield>
    <subfield code="d">2023-11-02</subfield>
    <subfield code="l">0</subfield>
    <subfield code="o">346.6 HAH</subfield>
    <subfield code="p">LSN/2004/57</subfield>
    <subfield code="r">2023-11-02 00:00:00</subfield>
    <subfield code="w">2023-11-02</subfield>
    <subfield code="y">BK</subfield>
  </datafield>
</record>
